Statistics for All George Clooney Movies

Click here to take the quiz!

General Stats

  • This quiz has been taken 474 times
  • The average score is 16 of 46

Answer Stats

YearMovie% Correct
2001Ocean's Eleven
95%
2004Ocean's Twelve
95%
2007Ocean's Thirteen
92%
2000O Brother, Where Art Thou?
62%
2005Syriana
62%
2009Up in the Air
59%
2008Burn After Reading
58%
1997Batman & Robin
55%
2014The Monuments Men
55%
1999Three Kings
55%
2007Michael Clayton
51%
2011The Descendants
51%
2005Good Night, and Good Luck
50%
1998Out of Sight
48%
2013Gravity
46%
2003Intolerable Cruelty
46%
1996One Fine Day
46%
2009The Men Who Stare At Goats
46%
1996From Dusk till Dawn
43%
2010The American
41%
2008Leatherheads
39%
1997The Peacemaker
39%
2002Solaris
36%
2011The Ides of March
33%
2009Fantastic Mr. Fox
29%
2000The Perfect Storm
28%
2002Confessions of a Dangerous Mind
27%
1998The Thin Red Line
26%
2015Tomorrowland
25%
2006The Good German
23%
1988Return of the Killer Tomatoes
17%
2001Spy Kids
15%
2002Welcome To Collinwood
15%
2003Spy Kids 3-D: Game Over
12%
1990Red Surf
7%
2000Fail Safe
6%
1987Return to Horror High
6%
1999South Park: Bigger, Longer & Uncut
6%
1992Unbecoming Age
4%
2007Darfur Now
3%
1987Grizzly II: The Predator
3%
2007Sand and Sorrow
3%
1999The Book That Wrote Itself
3%
1993The Harvest
3%
1998Waiting for Woody
3%
2002Starbuck Holger Meins
2%

Score Distribution

Percentile by Number Answered

Percent of People with Each Score

Your Score History

You have not taken this quiz